000 00720nam a2200289Ia 4500
005 20260324112102.0
008 008 260324s9999 xx 000 0 eng d
020 _a9781003172475
037 _aEBOOK
040 _aCRL
040 _beng
040 _cCRL
041 _2eng
041 _aeng
084 _qCRL
100 _aAnneke Newman
_91141240
245 0 _aDecolonising Education in Islamic West Africa
245 0 _bSecular Erasure, School Preference and Social Inequality
260 _bTaylor and Francis
260 _c2024
365 _a
365 _b220
856 _uhttp://www.taylorfrancis.com/books/9781003172475
942 _cEBOOK
999 _c1730299
_d1730299